[Event "2 Bundesliga Ost 2007/2008"]
[Site "20 2110Bruck,3011 212Bade"]
[Date "2008.01.27"]
[Round "7"]
[Board "4"]
[White "Wagner, Stefan"]
[Black "Plachetka, Jan"]
[Result "0-1"]
[WhiteElo "2103"]
[BlackElo "2398"]
[PlyCount "94"]
[EventDate "2007.10.20"]
[EventType "team"]
[EventRounds "11"]
[EventCountry "AUT"]
[WhiteTeam "SK Zwettl"]
[BlackTeam "Austria Wien"]

1.e4 e5 2.Nf3 Nc6 3.Bb5 a6 4.Ba4 Nf6 5.O-O Be7 6.Re1 b5 7.Bb3 d6 8.c3 O-O 9.h3
Na5 10.Bc2 d5 11.exd5 e4 12.Ng5 Nxd5 13.Nxe4 f5 14.Ng3 f4 15.Ne4 f3 16.d4 fxg2
17.Qh5 Bf5 18.Na3 Bxa3 19.bxa3 Nxc3 20.Bd2 Bg6 21.Qg4 Nxe4 22.Rxe4 Nc4 23.Bb4
Bxe4 24.Bxf8 Qxf8 25.Qxe4 g6 26.Re1 Rd8 27.Bb3 Qf6 28.d5 Rf8 29.Qe6+ Kg7
30.Qxf6+ Rxf6 31.Bxc4 bxc4 32.Re7+ Rf7 33.Re4 Kf6 34.Kxg2 Re7 35.Rxc4 Ke5 36.Rc5
Kd4 37.Ra5 Re5 38.a4 Rxd5 39.Rxa6 c5 40.Kf1 Re5 41.Rb6 c4 42.Rb5 Re7 43.Rb8 Ra7
44.Rb4 Kd3 45.Ke1 Ra5 46.a3 Re5+ 47.Kd1 Rg5

[Event "2 Bundesliga Ost 2007/2008"]
[Site "20 2110Bruck,3011 212Bade"]
[Date "2008.01.27"]
[Round "7"]
[Board "6"]
[White "Stadler, Peter"]
[Black "Bukacek, Emil"]
[Result "1/2-1/2"]
[WhiteElo "2103"]
[BlackElo "2201"]
[PlyCount "34"]
[EventDate "2007.10.20"]
[EventType "team"]
[EventRounds "11"]
[EventCountry "AUT"]
[WhiteTeam "SK Zwettl"]
[BlackTeam "Austria Wien"]

1.d4 f5 2.g3 Nf6 3.Bg2 g6 4.Nf3 Bg7 5.c4 d6 6.Nc3 O-O 7.O-O c6 8.Qc2 Qc7 9.b3 a5
10.Bb2 Na6 11.a3 e5 12.dxe5 dxe5 13.e4 Nc5 14.Nd2 Ne6 15.Ne2 fxe4 16.Nxe4 Nxe4
17.Qxe4 Ng5

[Event "2 Bundesliga Ost 2007/2008"]
[Site "20 2110Bruck,3011 212Bade"]
[Date "2008.01.27"]
[Round "7"]
[Board "2"]
[White "Hagara, Eduard"]
[Black "Steiner, Bruno"]
[Result "1-0"]
[WhiteElo "2372"]
[BlackElo "2247"]
[PlyCount "71"]
[EventDate "2007.10.20"]
[EventType "team"]
[EventRounds "11"]
[EventCountry "AUT"]
[WhiteTeam "ASVOe SK Lackenbach"]
[BlackTeam "1 Wr NeustAedter SV"]

1.e4 e5 2.Nf3 Nc6 3.Bb5 a6 4.Bxc6 dxc6 5.O-O f6 6.d4 exd4 7.Nxd4 c5 8.Ne2 Qxd1
9.Rxd1 Bd7 10.Nbc3 O-O-O 11.Be3 Bd6 12.Bf4 Bxf4 13.Nxf4 Ne7 14.f3 Ng6 15.Nh5
Rhg8 16.Rd5 Be6 17.Rxd8+ Kxd8 18.Rd1+ Ke7 19.Nd5+ Bxd5 20.Rxd5 b6 21.f4 Nf8
22.Ng3 g6 23.Kf2 Ne6 24.Ne2 c4 25.Kf3 b5 26.g4 Rb8 27.Nd4 Nxd4+ 28.Rxd4 Rb6
29.h4 Rb8 30.Ke3 Rb6 31.g5 Rb8 32.gxf6+ Ke6 33.e5 h6 34.Ke4 h5 35.Rd5 Rh8 36.Rc5

[Event "2 Bundesliga Ost 2007/2008"]
[Site "20 2110Bruck,3011 212Bade"]
[Date "2008.01.27"]
[Round "7"]
[Board "3"]
[White "Posch, Werner"]
[Black "Vass, Frantisek"]
[Result "0-1"]
[WhiteElo "2207"]
[BlackElo "2417"]
[PlyCount "92"]
[EventDate "2007.10.20"]
[EventType "team"]
[EventRounds "11"]
[EventCountry "AUT"]
[WhiteTeam "1 Wr NeustAedter SV"]
[BlackTeam "ASVOe SK Lackenbach"]

1.e4 e6 2.d3 d5 3.Nd2 c5 4.Ngf3 Nc6 5.g3 g6 6.Bg2 Bg7 7.O-O Nge7 8.Re1 O-O 9.c3
b5 10.a3 Bb7 11.Nb3 Qb6 12.exd5 Nxd5 13.d4 cxd4 14.Nbxd4 Rad8 15.Qe2 a6 16.Bg5
Rd6 17.Rad1 h6 18.Bc1 Rfd8 19.h4 Nxd4 20.Nxd4 e5 21.Nc2 f5 22.Ne3 Nf6 23.Rxd6
Rxd6 24.Rd1 Bxg2 25.Nxg2 Ng4 26.Be3 Qd8 27.Rxd6 Qxd6 28.c4 bxc4 29.Qxc4+ Kh7
30.Qc2 e4 31.b4 Ne5 32.Ne1 Qd5 33.Bf4 Nd3 34.Ng2 Qd4 35.Qa2 Qb2 36.Qxb2 Bxb2
37.a4 Nxb4 38.Ne3 Nd3 39.Bd6 Bd4 40.Nd1 g5 41.hxg5 hxg5 42.Kf1 f4 43.gxf4 gxf4
44.f3 exf3 45.Bc7 Kg6 46.Ba5 Kf5

[Event "2 Bundesliga Ost 2007/2008"]
[Site "20 2110Bruck,3011 212Bade"]
[Date "2008.01.27"]
[Round "7"]
[Board "4"]
[White "Ranits, Franz"]
[Black "Todor, Razvan"]
[Result "1-0"]
[WhiteElo "2214"]
[BlackElo "2198"]
[PlyCount "105"]
[EventDate "2007.10.20"]
[EventType "team"]
[EventRounds "11"]
[EventCountry "AUT"]
[WhiteTeam "ASVOe SK Lackenbach"]
[BlackTeam "1 Wr NeustAedter SV"]

1.e4 e5 2.Nf3 Nf6 3.Bc4 Nxe4 4.Nc3 Nc6 5.O-O Be7 6.Nxe4 d5 7.Bb5 dxe4 8.Nxe5 Qd5
9.Nxc6 bxc6 10.Ba4 O-O 11.d4 exd3 12.Qxd3 Qxd3 13.cxd3 Ba6 14.Bxc6 Rad8 15.Be3
Bxd3 16.Rfd1 a6 17.Rac1 Bf5 18.Bf4 Rxd1+ 19.Rxd1 Rd8 20.Rxd8+ Bxd8 21.b4 Bd3
22.a4 Kf8 23.a5 Ke7 24.f3 Ke6 25.Kf2 g5 26.Be3 Kd6 27.Be8 f5 28.Bc5+ Kd5 29.Ke3
Bf1 30.g3 c6 31.f4 Kc4 32.Bxc6 Bxa5 33.bxa5 Kxc5 34.Bd7 gxf4+ 35.Kxf4 Kb4
36.Bxf5 h6 37.h4 Kxa5 38.g4 Kb4 39.g5 hxg5+ 40.Kxg5 Be2 41.Bg4 Bc4 42.h5 a5
43.h6 Bg8 44.Kg6 a4 45.Be6 Bxe6 46.h7 Bb3 47.h8=Q Bc2+ 48.Kg5 a3 49.Kf4 Kb3
50.Ke3 a2 51.Kd2 Bb1 52.Qc3+ Ka4 53.Qb2

[Event "2 Bundesliga Ost 2007/2008"]
[Site "20 2110Bruck,3011 212Bade"]
[Date "2008.01.27"]
[Round "7"]
[Board "5"]
[White "Wiedner, Robert"]
[Black "Stranz, Richard"]
[Result "1-0"]
[WhiteElo "2197"]
[BlackElo "2226"]
[PlyCount "59"]
[EventDate "2007.10.20"]
[EventType "team"]
[EventRounds "11"]
[EventCountry "AUT"]
[WhiteTeam "1 Wr NeustAedter SV"]
[BlackTeam "ASVOe SK Lackenbach"]

1.d4 Nf6 2.c4 e5 3.dxe5 Ng4 4.e4 Nxe5 5.f4 Nec6 6.Nf3 Bc5 7.Nc3 d6 8.a3 a5 9.Qd3
O-O 10.Bd2 Bg4 11.O-O-O a4 12.Nd5 f5 13.e5 dxe5 14.fxe5 Bxf3 15.Qxf3 Nxe5 16.Qg3
Ng4 17.Be2 Ra6 18.Rhf1 Rg6 19.Nf4 Rd6 20.Bxg4 fxg4 21.Qxg4 Qd7 22.Qxd7 Nxd7
23.Nd5 Rc6 24.Bf4 Nb6 25.Kb1 Nxc4 26.Rc1 b5 27.Ka2 Rd8 28.Nxc7 Nd6 29.Ne6 Rdc8
30.Nxc5

[Event "2 Bundesliga Ost 2007/2008"]
[Site "20 2110Bruck,3011 212Bade"]
[Date "2008.01.27"]
[Round "7"]
[Board "6"]
[White "Galavics, Hermann"]
[Black "Roman, Liviu Valeriu"]
[Result "1/2-1/2"]
[WhiteElo "2041"]
[BlackElo "1960"]
[PlyCount "60"]
[EventDate "2007.10.20"]
[EventType "team"]
[EventRounds "11"]
[EventCountry "AUT"]
[WhiteTeam "ASVOe SK Lackenbach"]
[BlackTeam "1 Wr NeustAedter SV"]

1.d4 Nf6 2.c4 c5 3.d5 e6 4.Nc3 exd5 5.cxd5 d6 6.Nf3 g6 7.e4 Bg7 8.Bf4 O-O 9.Be2
Bg4 10.O-O Bxf3 11.Bxf3 Re8 12.Re1 a6 13.a4 Qb6 14.a5 Qc7 15.e5 dxe5 16.d6 Qd7
17.Rxe5 Rxe5 18.Bxe5 Nc6 19.Bxf6 Bxf6 20.Ne4 Qf5 21.Nxf6+ Qxf6 22.Bxc6 bxc6
23.Qd2 Qd4 24.Qxd4 cxd4 25.Rc1 Rc8 26.d7 Rd8 27.Rxc6 Rxd7 28.Kf1 Rb7 29.Rb6 Rc7
30.Ke1 Rc2

[Event "2 Bundesliga Ost 2007/2008"]
[Site "20 2110Bruck,3011 212Bade"]
[Date "2008.01.27"]
[Round "7"]
[Board "1"]
[White "Videki, Sandor"]
[Black "Sulyok, Michael"]
[Result "1-0"]
[WhiteElo "2420"]
[BlackElo "2255"]
[PlyCount "75"]
[EventDate "2007.10.20"]
[EventType "team"]
[EventRounds "11"]
[EventCountry "AUT"]
[WhiteTeam "SPG Data Technology Eichgraben/P"]
[BlackTeam "SK Advisory Invest Baden"]

1.e4 g6 2.d4 Bg7 3.c4 d6 4.Nc3 e5 5.Nge2 Nc6 6.d5 Nce7 7.h4 h5 8.Ng3 Nf6 9.Bd3
O-O 10.Bg5 c6 11.Qd2 Rb8 12.f3 Bd7 13.a4 Nh7 14.Be3 Nc8 15.Bf2 Bf6 16.Nf1 Bg7
17.a5 Qe8 18.c5 f5 19.cxd6 Nf6 20.Ng3 cxd5 21.Nxd5 Nxd5 22.Bc4 Kh8 23.Bxd5 f4
24.Ne2 Rf6 25.O-O Bf8 26.Nc1 Bxd6 27.Nd3 Bb5 28.Rfc1 Bxd3 29.Qxd3 a6 30.Qb3 Qd7
31.Rc2 Rf8 32.Rd1 Qe7 33.Be6 Rd8 34.Rdc1 Qf8 35.Bh3 Qe8 36.Rd1 Qe7 37.Kh1 Kg7
38.Rcd2

[Event "2 Bundesliga Ost 2007/2008"]
[Site "20 2110Bruck,3011 212Bade"]
[Date "2008.01.27"]
[Round "7"]
[Board "2"]
[White "Miniboeck, Guenter"]
[Black "Ganaus, Hannes"]
[Result "1/2-1/2"]
[WhiteElo "2355"]
[BlackElo "2294"]
[PlyCount "86"]
[EventDate "2007.10.20"]
[EventType "team"]
[EventRounds "11"]
[EventCountry "AUT"]
[WhiteTeam "SK Advisory Invest Baden"]
[BlackTeam "SPG Data Technology Eichgraben/P"]

1.d4 d5 2.c4 c6 3.Nf3 Nf6 4.Nc3 a6 5.e3 b5 6.b3 Bg4 7.Be2 e6 8.h3 Bh5 9.O-O Nbd7
10.Bb2 Bd6 11.Ne5 Bxe2 12.Nxe2 bxc4 13.bxc4 O-O 14.Rb1 Qc7 15.Nxd7 Qxd7 16.Qa4
Rfc8 17.Rfc1 Qa7 18.Ba3 Bxa3 19.Qxa3 Rab8 20.Qa4 Rxb1 21.Rxb1 Nd7 22.c5 a5
23.Nc1 Qa6 24.Qb3 Rc7 25.Qa3 f6 26.Rb3 e5 27.g3 exd4 28.exd4 Qc4 29.Qb2 Nf8
30.Re3 Kf7 31.Ne2 Qa6 32.Qb8 Qc8 33.Qxc8 Rxc8 34.Ra3 Ra8 35.Kf1 Ne6 36.Ke1 Ra7
37.h4 g5 38.hxg5 fxg5 39.g4 a4 40.Kd2 Kg6 41.Re3 Kf6 42.Rf3+ Kg6 43.Re3 Kf6

[Event "2 Bundesliga Ost 2007/2008"]
[Site "20 2110Bruck,3011 212Bade"]
[Date "2008.01.27"]
[Round "7"]
[Board "3"]
[White "Neumeier, Klaus"]
[Black "Schneider Zinner, Harald"]
[Result "1/2-1/2"]
[WhiteElo "2273"]
[BlackElo "2330"]
[PlyCount "27"]
[EventDate "2007.10.20"]
[EventType "team"]
[EventRounds "11"]
[EventCountry "AUT"]
[WhiteTeam "SPG Data Technology Eichgraben/P"]
[BlackTeam "SK Advisory Invest Baden"]

1.e4 e5 2.Nf3 Nf6 3.d4 Nxe4 4.Bd3 d5 5.Nxe5 Nd7 6.Nxd7 Bxd7 7.O-O Bd6 8.Nc3 Qh4
9.g3 Nxc3 10.bxc3 Qh3 11.Re1+ Be6 12.Bf1 Qf5 13.Bd3 Qh3 14.Bf1

[Event "2 Bundesliga Ost 2007/2008"]
[Site "20 2110Bruck,3011 212Bade"]
[Date "2008.01.27"]
[Round "7"]
[Board "4"]
[White "Herndlbauer, Martin"]
[Black "Weissenbeck, Manuel"]
[Result "0-1"]
[WhiteElo "2134"]
[BlackElo "2264"]
[PlyCount "186"]
[EventDate "2007.10.20"]
[EventType "team"]
[EventRounds "11"]
[EventCountry "AUT"]
[WhiteTeam "SK Advisory Invest Baden"]
[BlackTeam "SPG Data Technology Eichgraben/P"]

1.e4 c5 2.Nf3 Nc6 3.d4 cxd4 4.Nxd4 d6 5.c4 Nf6 6.Nc3 e6 7.Be3 Be7 8.Be2 O-O
9.O-O Bd7 10.Nb3 b6 11.Rc1 Qb8 12.f4 Rd8 13.Bf3 e5 14.f5 a5 15.Na1 Nb4 16.Qe2
Qb7 17.g4 Bc6 18.Bf2 h6 19.h4 Nh7 20.Nc2 Na6 21.Ne3 Nc5 22.Ned5 Nf6 23.Nxf6+
Bxf6 24.Kg2 Rab8 25.b3 Be7 26.Qe3 f6 27.Rfd1 Rd7 28.Rd2 Na6 29.Rcd1 Nc5 30.Nd5
Bxd5 31.Rxd5 Rc7 32.Be2 Rc6 33.Kf3 Na6 34.R5d2 Kf8 35.Qd3 Nc5 36.Qb1 Rc7 37.Be3
Ke8 38.Rd5 Rc6 39.Rg1 Kd7 40.Qd1 Rh8 41.a3 Na6 42.Qd2 Nc7 43.Rd3 Kc8 44.Rc1 Rd8
45.b4 b5 46.c5 a4 47.Rd1 Na6 48.Rd5 Nc7 49.Rd3 Na6 50.Qa2 dxc5 51.Rxd8+ Bxd8
52.Qd5 Be7 53.Bxb5 Qxb5 54.Qd7+ Kb8 55.Qxe7 Rc7 56.Qd6 Kc8 57.bxc5 Nxc5 58.Qd8+
Kb7 59.Qd5+ Kb8 60.Rc1 h5 61.Rxc5 Qf1+ 62.Bf2 hxg4+ 63.Ke3 Rxc5 64.Qxc5 Qh3+
65.Kd2 Qg2 66.Qf8+ Kb7 67.Qxg7+ Kc8 68.Qf8+ Kd7 69.Qf7+ Kc8 70.Qe8+ Kc7 71.Qe7+
Kc8 72.Qc5+ Kd7 73.Qe3 Ke8 74.Ke2 Kf8 75.h5 Kg7 76.h6+ Kh7 77.Kd2 Kh8 78.Kc3 Qh1
79.Kb4 Qd1 80.Bh4 Kh7 81.Qc5 Qb3+ 82.Ka5 Qf7 83.Kxa4 Kxh6 84.Qc1+ Kh5 85.Bg3
Qa7+ 86.Kb3 Qb7+ 87.Ka2 Qxe4 88.Qb1 Qg2+ 89.Qb2 Qxg3 90.a4 Qf4 91.a5 Qa4+ 92.Qa3
Qxa3+ 93.Kxa3 g3

[Event "2 Bundesliga Ost 2007/2008"]
[Site "20 2110Bruck,3011 212Bade"]
[Date "2008.01.27"]
[Round "7"]
[Board "5"]
[White "Pichler, Michael"]
[Black "Filip, Daniel"]
[Result "1/2-1/2"]
[WhiteElo "2170"]
[BlackElo "2114"]
[PlyCount "38"]
[EventDate "2007.10.20"]
[EventType "team"]
[EventRounds "11"]
[EventCountry "AUT"]
[WhiteTeam "SPG Data Technology Eichgraben/P"]
[BlackTeam "SK Advisory Invest Baden"]

1.e4 e6 2.d4 d5 3.e5 c5 4.c3 Nc6 5.Nf3 Qb6 6.a3 c4 7.Nbd2 Na5 8.g3 Bd7 9.Bh3 Ne7
10.O-O h6 11.Ne1 Nf5 12.Ng2 Be7 13.Nf4 g5 14.Nh5 O-O-O 15.Re1 Kb8 16.Bg4 Rhg8
17.Nf3 Nb3 18.Rb1 Rg6 19.Qe2 Rdg8

[Event "2. Bundesliga Ost 2007/2008"]
[Site "20-21.10.Bruck,30.11-2.12.Bade"]
[Date "2008.02.16"]
[Round "8.1"]
[White "Georgiev, Kiril"]
[Black "Loeffler, Stefan"]
[Result "1-0"]
[WhiteElo "2649"]
[BlackElo "2409"]
[PlyCount "107"]
[EventDate "2007.10.20"]

1. d4 Nf6 2. Nf3 c6 3. c4 b5 4. Nbd2 bxc4 5. Nxc4 e6 6. g3 Ba6 7. Nce5 Ne4 8.
Bg2 f6 9. Nd3 Qa5+ 10. Kf1 Be7 11. Qc2 Qb6 12. Be3 Bxd3 13. Qxd3 d5 14. Bh3 f5
15. g4 O-O 16. gxf5 exf5 17. Ne5 Bd6 18. f3 g5 19. Kg2 g4 20. Bxg4 fxg4 21.
fxe4 Qc7 22. Bh6 Rf6 23. Nxg4 Rg6 24. h3 Nd7 25. e5 Bxe5 26. dxe5 Nxe5 27. Bf4
Nxd3 28. Bxc7 Nxb2 29. Kh2 Re8 30. Ne5 Rg7 31. Rhg1 c5 32. Rab1 Na4 33. e3 Nb6
34. Ng4 Rxc7 35. Nf6+ Kf8 36. Rg8+ Kf7 37. Nxe8 Re7 38. Rbg1 Rxe8 39. R1g7+ Kf6
40. Rxe8 Kxg7 41. Kg3 Kf6 42. Kf3 h5 43. h4 c4 44. Ke2 Na4 45. Kd2 Nc5 46. Ra8
Ne4+ 47. Ke1 Kf5 48. Rxa7 Kg4 49. a4 Kf3 50. Rd7 Nc5 51. Rxd5 Nxa4 52. Kd2 c3+
53. Kd3 c2 54. Rf5+ 1-0

[Event "2. Bundesliga Ost 2007/2008"]
[Site "20-21.10.Bruck,30.11-2.12.Bade"]
[Date "2008.02.16"]
[Round "8.1"]
[White "Sulyok, Michael"]
[Black "Chernin, Alexander"]
[Result "0-1"]
[WhiteElo "2255"]
[BlackElo "2587"]
[PlyCount "78"]
[EventDate "2007.10.20"]

1. c4 e5 2. Nc3 Nf6 3. g3 Bb4 4. Bg2 O-O 5. e4 Bxc3 6. bxc3 c6 7. Ba3 Re8 8.
Qb3 b6 9. Nh3 Bb7 10. c5 h6 11. O-O Ba6 12. Rfe1 bxc5 13. Bxc5 d5 14. exd5 cxd5
15. d4 e4 16. Nf4 Bc4 17. Qa3 Nbd7 18. Bd6 Nb6 19. Bc5 Nfd7 20. Bh3 Qc7 21. Bd6
Qc6 22. Ng2 Bd3 23. Ne3 Nc4 24. Nxc4 Bxc4 25. Re3 a5 26. Bf4 Ra6 27. g4 Nf8 28.
Bg3 Qc8 29. Kg2 Ne6 30. g5 hxg5 31. Rb1 Qc6 32. Bxe6 Qxe6 33. Rb7 Qf5 34. Re7
Rxe7 35. Qxe7 Rh6 36. Be5 Qg4+ 37. Rg3 Qe2 38. Rxg5 Qf1+ 39. Kg3 Qh3+ 0-1

[Event "2. Bundesliga Ost 2007/2008"]
[Site "20-21.10.Bruck,30.11-2.12.Bade"]
[Date "2008.02.16"]
[Round "8.1"]
[White "Beim, Valeri"]
[Black "Miniboeck, Guenter"]
[Result "1/2-1/2"]
[WhiteElo "2523"]
[BlackElo "2355"]
[PlyCount "40"]
[EventDate "2007.10.20"]

1. c4 c5 2. Nf3 Nc6 3. Nc3 e5 4. g3 g6 5. Bg2 Bg7 6. O-O Nge7 7. a3 O-O 8. Rb1
a5 9. d3 d6 10. Ne1 Be6 11. Nc2 d5 12. cxd5 Nxd5 13. Ne3 Nde7 14. Bd2 b6 15.
Nc4 Rb8 16. b3 h6 17. Nb5 Nd5 18. e3 Qd7 19. Qe2 Rfd8 20. Rfd1 Bg4 1/2-1/2

[Event "2. Bundesliga Ost 2007/2008"]
[Site "20-21.10.Bruck,30.11-2.12.Bade"]
[Date "2008.02.16"]
[Round "8.1"]
[White "Brandner, Stefan"]
[Black "Boros, Denes"]
[Result "1-0"]
[WhiteElo "2318"]
[BlackElo "2460"]
[PlyCount "87"]
[EventDate "2007.10.20"]

1. e4 c5 2. Nf3 d6 3. Bb5+ Bd7 4. Bxd7+ Nxd7 5. O-O e6 6. Nc3 Ngf6 7. d4 cxd4
8. Nxd4 a6 9. f4 Be7 10. Kh1 Rc8 11. Qf3 b5 12. a3 Qb6 13. Be3 Qb7 14. f5 e5
15. Nde2 a5 16. g4 h6 17. Ng3 Nb6 18. Bxb6 Qxb6 19. Nh5 Kf8 20. Nxf6 gxf6 21.
Nd5 Qb7 22. c3 a4 23. Qe3 Rc4 24. Rf3 Kg7 25. Rg1 Bd8 26. Rh3 Rc5 27. Qf3 Bb6
28. Rg2 Rxd5 29. exd5 Qc8 30. Rh5 e4 31. Qf4 Qd8 32. g5 hxg5 33. Rgxg5+ fxg5
34. f6+ Qxf6 35. Rxg5+ Qxg5 36. Qxg5+ Kh7 37. Qh4+ Kg7 38. Qg3+ Kh7 39. Qxd6
Bf2 40. Qf4 e3 41. Qxf7+ Kh6 42. d6 Rh7 43. Qf6+ Kh5 44. d7 1-0

[Event "2. Bundesliga Ost 2007/2008"]
[Site "20-21.10.Bruck,30.11-2.12.Bade"]
[Date "2008.02.16"]
[Round "8.1"]
[White "Mihok, Oliver"]
[Black "Herndlbauer, Martin"]
[Result "1-0"]
[WhiteElo "2371"]
[BlackElo "2134"]
[PlyCount "51"]
[EventDate "2007.10.20"]

1. e4 c5 2. Nf3 d6 3. d4 cxd4 4. Nxd4 Nf6 5. Nc3 g6 6. Be3 Bg7 7. f3 O-O 8. Qd2
Nc6 9. O-O-O d5 10. exd5 Nxd5 11. Nxc6 bxc6 12. Bd4 Nxc3 13. Qxc3 Bh6+ 14. Be3
Bxe3+ 15. Qxe3 Qb6 16. Qxe7 Be6 17. Qa3 Rad8 18. Bd3 Rd5 19. b3 Ra5 20. Qb2 c5
21. c4 Rb8 22. h4 Ra4 23. Rd2 Rb4 24. h5 Kf8 25. hxg6 hxg6 26. Qf6 1-0

[Event "2. Bundesliga Ost 2007/2008"]
[Site "20-21.10.Bruck,30.11-2.12.Bade"]
[Date "2008.02.16"]
[Round "8.1"]
[White "Stangler, Peter"]
[Black "Kummer, Helmut"]
[Result "0-1"]
[WhiteElo "1936"]
[BlackElo "2373"]
[PlyCount "62"]
[EventDate "2007.10.20"]

1. Nf3 d5 2. c4 e6 3. g3 Nf6 4. Bg2 Be7 5. O-O O-O 6. cxd5 exd5 7. d4 c6 8. Nc3
Bf5 9. Bg5 h6 10. Bxf6 Bxf6 11. e3 Nd7 12. Rc1 a5 13. a4 Qb6 14. Qd2 Qb4 15.
Ne1 Nb6 16. Nd3 Nc4 17. Qe2 Bxd3 18. Qxd3 Nxb2 19. Qc2 Nc4 20. Rb1 Qe7 21. Qa2
Nd6 22. Rb3 Qd7 23. Rfb1 Rfe8 24. Ne2 b5 25. axb5 Nxb5 26. Qa4 Be7 27. Nc3 Bb4
28. Na2 Qf5 29. R1b2 Nxd4 30. e4 dxe4 31. Re3 c5 0-1

[Event "2. Bundesliga Ost 2007/2008"]
[Site "20-21.10.Bruck,30.11-2.12.Bade"]
[Date "2008.02.16"]
[Round "8.2"]
[White "Ganaus, Hannes"]
[Black "Hagara, Eduard"]
[Result "1/2-1/2"]
[WhiteElo "2294"]
[BlackElo "2372"]
[PlyCount "24"]
[EventDate "2007.10.20"]

1. e4 c5 2. Nf3 Nc6 3. Bb5 g6 4. Bxc6 dxc6 5. h3 Bg7 6. d3 e5 7. O-O Qc7 8. Qe1
Ne7 9. Qc3 b6 10. a3 a5 11. Be3 O-O 12. Nbd2 Re8 1/2-1/2

[Event "2. Bundesliga Ost 2007/2008"]
[Site "20-21.10.Bruck,30.11-2.12.Bade"]
[Date "2008.02.16"]
[Round "8.2"]
[White "Krpelan, Wolfgang"]
[Black "Neumeier, Klaus"]
[Result "0-1"]
[WhiteElo "2287"]
[BlackElo "2273"]
[PlyCount "112"]
[EventDate "2007.10.20"]

1. d4 Nf6 2. Bf4 g6 3. c3 Bg7 4. Nd2 O-O 5. e4 d6 6. Ngf3 Nc6 7. Bb5 Nd7 8. Qa4
e5 9. Bg5 f6 10. Be3 Nb6 11. Qb3+ Kh8 12. dxe5 Nxe5 13. Nxe5 fxe5 14. h4 h6 15.
Nf3 Qe7 16. Ng5 Bf6 17. a4 Kg7 18. a5 hxg5 19. axb6 Be6 20. Bc4 axb6 21. Rxa8
Rxa8 22. hxg5 Bxg5 23. O-O Bg4 24. Re1 Bxe3 25. Rxe3 Qh4 26. Bf1 Rh8 27. f3 Qg5
28. Rd3 Bd7 29. Qc4 Bc6 30. b4 b5 31. Qa2 Qc1 32. Qd2 Qxd2 33. Rxd2 Ra8 34. Rd1
Ra2 35. Rc1 Kf6 36. Kh2 Rb2 37. Kg3 Bd7 38. Bd3 b6 39. Rc2 Rb3 40. Kf2 c5 41.
bxc5 bxc5 42. Bf1 Be6 43. g3 g5 44. Be2 Ke7 45. Ke1 Rb1+ 46. Kd2 Bb3 47. Rc1
Rxc1 48. Kxc1 b4 49. Kb2 Be6 50. g4 Kd7 51. c4 Kc7 52. Bd3 Kb6 53. Be2 Ka5 54.
Bd3 Ka4 55. Bc2+ b3 56. Bxb3+ Kb4 0-1

[Event "2. Bundesliga Ost 2007/2008"]
[Site "20-21.10.Bruck,30.11-2.12.Bade"]
[Date "2008.02.16"]
[Round "8.2"]
[White "Weissenbeck, Manuel"]
[Black "Ranits, Franz"]
[Result "0-1"]
[WhiteElo "2264"]
[BlackElo "2214"]
[PlyCount "81"]
[EventDate "2007.10.20"]

1. Nf3 Nf6 2. c4 g6 3. Nc3 Bg7 4. d4 d5 5. cxd5 Nxd5 6. e4 Nxc3 7. bxc3 c5 8.
Be3 Qa5 9. Qd2 O-O 10. Rc1 Rd8 11. d5 e6 12. c4 Qxd2+ 13. Nxd2 b6 14. Be2 Na6
15. O-O Nb4 16. a3 Na2 17. Rc2 Nc3 18. Bf3 exd5 19. cxd5 Ba6 20. Re1 Bd3 21.
Rcc1 f5 22. Bg5 Rd7 23. exf5 gxf5 24. Re3 Ne4 25. Nxe4 Bxe4 26. Bxe4 fxe4 27.
Rxe4 Rxd5 28. h4 b5 29. Rce1 c4 30. g4 c3 31. Re8+ Rxe8 32. Rxe8+ Kf7 33. Re7+
Kf8 34. Rc7 Bd4 35. Be3 Bxe3 36. fxe3 Rd3 37. Kf2 a5 38. Rxh7 b4 39. axb4 axb4
40. Rc7 b3 41. h5 0-1

[Event "2. Bundesliga Ost 2007/2008"]
[Site "20-21.10.Bruck,30.11-2.12.Bade"]
[Date "2008.02.16"]
[Round "8.2"]
[White "Stranz, Richard"]
[Black "Pichler, Michael"]
[Result "1/2-1/2"]
[WhiteElo "2226"]
[BlackElo "2170"]
[PlyCount "38"]
[EventDate "2007.10.20"]

1. e4 e6 2. d4 d5 3. Nc3 Nf6 4. Bg5 Be7 5. e5 Nfd7 6. Bxe7 Qxe7 7. Nb5 Nb6 8.
c3 O-O 9. f4 a6 10. Na3 c5 11. Nc2 Nc6 12. Nf3 f6 13. exf6 gxf6 14. Be2 e5 15.
fxe5 fxe5 16. dxe5 Nxe5 17. O-O Bf5 18. Nxe5 Qxe5 19. Bd3 Rae8 1/2-1/2

[Event "2. Bundesliga Ost 2007/2008"]
[Site "20-21.10.Bruck,30.11-2.12.Bade"]
[Date "2008.02.16"]
[Round "8.2"]
[White "Hechl, Gerald"]
[Black "Galavics, Hermann"]
[Result "1/2-1/2"]
[WhiteElo "2197"]
[BlackElo "2041"]
[PlyCount "53"]
[EventDate "2007.10.20"]

1. b3 Nf6 2. Bb2 e6 3. f4 b6 4. Nf3 Bb7 5. e3 Be7 6. Bd3 O-O 7. O-O Ne4 8. Nc3
f5 9. Bc4 Nxc3 10. Bxc3 Ba6 11. Ne5 Bxc4 12. bxc4 Nc6 13. Nxc6 dxc6 14. Rf3 Bf6
15. d4 Qd7 16. Qe2 Rad8 17. Rd1 c5 18. Bb2 Qa4 19. c3 Rf7 20. Rff1 Rfd7 21.
Rde1 Bh4 22. Rb1 Bf6 23. Bc1 g6 24. Rb5 a6 25. Rb3 Qc6 26. Ba3 Qe4 27. Rf2
1/2-1/2

[Event "2. Bundesliga Ost 2007/2008"]
[Site "20-21.10.Bruck,30.11-2.12.Bade"]
[Date "2008.02.16"]
[Round "8.3"]
[White "Vyskocil, Neklan"]
[Black "Schroll, Gerhard"]
[Result "1-0"]
[WhiteElo "2308"]
[BlackElo "2409"]
[PlyCount "69"]
[EventDate "2007.10.20"]

1. e4 e5 2. Nf3 Nc6 3. d4 exd4 4. Nxd4 Nf6 5. Nxc6 bxc6 6. e5 Nd5 7. c4 Nb6 8.
Bd3 Ba6 9. Qe2 Qe7 10. O-O Qe6 11. b3 Be7 12. Bb2 f6 13. exf6 Qxe2 14. Bxe2
Bxf6 15. Bh5+ Kf8 16. Bxf6 gxf6 17. Re1 Rg8 18. Nc3 Rg5 19. g4 Re5 20. f4 Re6
21. Ne4 d5 22. Nc5 Rxe1+ 23. Rxe1 Bc8 24. Re8+ Kg7 25. Re7+ Kh8 26. Kf2 a5 27.
Rxc7 f5 28. Rxc6 Rb8 29. cxd5 Nxd5 30. Kg3 Nc3 31. Rd6 Nxa2 32. g5 Nb4 33. Rd8+
Kg7 34. Bf3 Kf7 35. Bb7 1-0

[Event "2. Bundesliga Ost 2007/2008"]
[Site "20-21.10.Bruck,30.11-2.12.Bade"]
[Date "2008.02.16"]
[Round "8.3"]
[White "Steiner, Bruno"]
[Black "Holemar, David"]
[Result "0-1"]
[WhiteElo "2247"]
[BlackElo "2314"]
[PlyCount "72"]
[EventDate "2007.10.20"]

1. Nf3 c5 2. c4 Nf6 3. g3 b6 4. Bg2 Bb7 5. O-O g6 6. b3 Bg7 7. Bb2 O-O 8. Nc3
a6 9. d4 cxd4 10. Qxd4 d6 11. Rfd1 Nbd7 12. Ne1 Rb8 13. Bxb7 Rxb7 14. Ng2 Nc5
15. Nd5 b5 16. cxb5 axb5 17. Rab1 Ne6 18. Nxf6+ Bxf6 19. Qd5 Ra7 20. Bxf6 exf6
21. Rb2 Qa8 22. Ne3 b4 23. Rdd2 Kg7 24. Qxd6 Ng5 25. f3 Rc8 26. Nd5 Ra6 27.
Qxb4 Rc1+ 28. Kg2 Ra1 29. h4 Qc8 30. Qc3 Qh3+ 31. Kf2 Re6 32. e4 Qf1+ 33. Ke3
Re1+ 34. Re2 Qxf3+ 35. Kd4 Rd1+ 36. Rbd2 Qxe2 0-1

[Event "2. Bundesliga Ost 2007/2008"]
[Site "20-21.10.Bruck,30.11-2.12.Bade"]
[Date "2008.02.16"]
[Round "8.3"]
[White "Mlynek, Petr"]
[Black "Posch, Werner"]
[Result "1-0"]
[WhiteElo "2210"]
[BlackElo "2207"]
[PlyCount "47"]
[EventDate "2007.10.20"]

1. d4 Nf6 2. c4 Nc6 3. Nf3 e6 4. Bg5 Bb4+ 5. Nc3 h6 6. Bh4 g5 7. Bg3 g4 8. Ne5
Nxe5 9. dxe5 Ne4 10. Qd4 Nxc3 11. bxc3 Ba5 12. e3 Qe7 13. Be2 Qa3 14. O-O h5
15. Bh4 Bxc3 16. Qf4 f5 17. exf6 Kf7 18. Rac1 Bb4 19. Rfd1 Bf8 20. Qxc7 Qc5 21.
Rxd7+ Bxd7 22. Qxd7+ Kg6 23. Bd3+ Kh6 24. Qf7 1-0

[Event "2. Bundesliga Ost 2007/2008"]
[Site "20-21.10.Bruck,30.11-2.12.Bade"]
[Date "2008.02.16"]
[Round "8.3"]
[White "Todor, Razvan"]
[Black "Wagner, Stefan"]
[Result "1-0"]
[WhiteElo "2198"]
[BlackElo "2103"]
[PlyCount "49"]
[EventDate "2007.10.20"]

1. e4 e5 2. Nf3 Nc6 3. Bc4 Bc5 4. O-O Nf6 5. d4 Nxd4 6. Nxe5 O-O 7. Be3 Ne6 8.
Bxe6 fxe6 9. Bxc5 d6 10. Ba3 dxe5 11. Bxf8 Qxf8 12. Qd3 b6 13. Qc4 Qe7 14. Nc3
Bb7 15. Rad1 a6 16. a4 Rf8 17. f3 h5 18. Ne2 c5 19. Qc3 Qc7 20. Rd2 c4 21. Qb4
Qf7 22. Rdd1 h4 23. Qxb6 Ba8 24. Rd8 Ne8 25. Rxa8 1-0